Song Antonyms - Statistics

General Stats
  • This quiz has been taken 2,065 times
    2,059 since last reset
  • The average score is 14 of 25
Answer Stats
Hint Answer % Correct
False True
90%
High Low
88%
Remember Me Forget You
86%
Boy Enemy Girlfriend
86%
Small Boys do Laugh Big Girls don't Cry
79%
The Square of Death The Circle of Life
77%
Good Night Bad Day
76%
I'm Ugly You're Beautiful
73%
Rough Smooth
68%
How shallow is my hate How deep is your love
63%
Dark your Water Light my Fire
59%
Bitter Foreign Wyoming Sweet Home Alabama
58%
Unattractive Front Sexyback
55%
Black Black Beer Red Red Wine
51%
The Weakness of Hate The Power of love
49%
Death off Earth Life on Mars
48%
Mental Physical
47%
Some Day Short All Night Long
44%
You doubt you cannot walk I believe I can Fly
44%
Nose of the Cat Eye of the Tiger
41%
Fire Fire Adult Ice Ice Baby
40%
Falsely Calmly Shallowly Truly Madly Deeply
34%
Flame in the Air Smoke on the Water
16%
The Sound of Hate The look of love
8%
Break Your Brain Un-Break My Heart
6%
No matching quizzes found
Score Distribution
Percent of People with Each Score
Percentile by Number Answered
Your Score History
You have not taken this quiz since the last reset